000 00422nam a2200181Ia 4500
005 20250425161335.0
008 250425s9999 xx 000 0 und d
041 _aspa
082 _a621.8
100 _aDUBBEL, H.
245 0 _aMANUAL DEL CONSTRUCTOR DE MAQUINAS
250 _a1A ED.
260 _aBARCELONA
260 _aEspaña
_bLABOR
_c1969
650 _aDISEÑO DE MAQUINAS
942 _c01
010 _a18138
999 _c207289
_d207289